Online
Catalog

Sínodos de Mérida y Maracaibo de 1817, 1819 y 1822 / (Record no. 5045)

MARC details
000 -CABECERA
campo de control de longitud fija 00924nam a2200241 a 4500
001 - NÚMERO DE CONTROL
campo de control 000005244
003 - IDENTIFICADOR DEL NÚMERO DE CONTROL
campo de control OSt
005 - FECHA Y HORA DE LA ÚLTIMA TRANSACCIÓN
campo de control 20200929151623.0
008 - DATOS DE LONGITUD FIJA--INFORMACIÓN GENERAL
campo de control de longitud fija 090818s1998 sp 001 spa d
020 ## - NÚMERO INTERNACIONAL ESTÁNDAR DEL LIBRO
Número Internacional Estándar del Libro 8400068882
040 ## - FUENTE DE LA CATALOGACIÓN
Centro catalogador/agencia de origen DO-SdBNP
Lengua de catalogación spa
Centro/agencia transcriptor BNPHU
082 ## - NÚMERO DE LA CLASIFICACIÓN DECIMAL DEWEY
Número de clasificación xxxx
Número de documento/Ítem L347s
100 1# - ENTRADA PRINCIPAL--NOMBRE DE PERSONA
Nombre de persona Lasso De La Vega, Hilarión José Rafael
9 (RLIN) 14964
245 10 - MENCIÓN DE TÍTULO
Título Sínodos de Mérida y Maracaibo de 1817, 1819 y 1822 /
Mención de responsabilidad, etc. Hilarión José Rafael Lasso De La Vega ; introducción y edición crítica por Fernando Campo del Pozo.
260 ## - PUBLICACIÓN, DISTRIBUCIÓN, ETC.
Lugar de publicación, distribución, etc. Madrid, España :
Nombre del editor, distribuidor, etc. Centro de Estudios Históricos del Consejo Superior de Investigaciones Científicas,
Fecha de publicación, distribución, etc. 1998.
300 ## - DESCRIPCIÓN FÍSICA
Extensión 289 p. ;
Dimensiones 25 cm.
490 1# - MENCIÓN DE SERIE
Mención de serie Tierra nueva e cielo nuevo ;
Designación de volumen o secuencia 26
490 1# - MENCIÓN DE SERIE
Mención de serie Sínodos americanos
Designación de volumen o secuencia 7
500 ## - NOTA GENERAL
Nota general Incluye tabla de contenido
830 #0 - PUNTO DE ACCESO ADICIONAL DE SERIE-TÍTULO UNIFORME
Título uniforme Tierra nueva e cielo nuevo ;
Número de parte o sección de la obra 26
9 (RLIN) 14965
830 #0 - PUNTO DE ACCESO ADICIONAL DE SERIE-TÍTULO UNIFORME
Título uniforme Sínodos americanos
Número de parte o sección de la obra 7
9 (RLIN) 14966
942 ## - ELEMENTOS DE PUNTO DE ACCESO ADICIONAL (KOHA)
Fuente del sistema de clasificación o colocación Dewey Decimal Classification
Tipo de ítem Koha Libros y folletos
Holdings
Estado de retiro Estado de pérdida Restricciones de uso No para préstamo Código de colección Localización permanente Ubicación/localización actual Ubicación en estantería Fecha de adquisición Número de inventario Total de préstamos Signatura topográfica completa Código de barras Fecha visto por última vez Precio válido a partir de Tipo de ítem Koha
      Excluido de préstamo Monografías: Libros y Folletos General General Depósito 18.08.2009 LF1   xxxx L347s 5244-10 25.06.2020 25.06.2020 No se presta

Powered by Koha